[Event "Aragon-chT Preferente-B"]
[Site "Spain"]
[Date "2011.03.05"]
[Round "5.2"]
[White "Argueso Pascual, Jorge"]
[Black "Rodriguez Leiva, Manuel"]
[Result "1-0"]
[WhiteElo "2000"]
[BlackElo "2109"]
[PlyCount "49"]
[EventDate "2011.02.05"]
[EventType "team-tourn"]
[EventRounds "9"]
[EventCountry "ESP"]
[SourceTitle "EXT 2013"]
[Source "ChessBase"]
[SourceDate "2012.11.22"]
[SourceVersion "1"]
[SourceVersionDate "2012.11.22"]
[SourceQuality "1"]
[WhiteTeam "El Soto"]
[BlackTeam "Jaime Casas II"]
[WhiteTeamCountry "ESP"]
[BlackTeamCountry "ESP"]

1. d4 e6 2. c4 d5 3. Nc3 Nf6 4. Bg5 Be7 5. e3 0-0 6. Nf3 c6 7. Qc2 Nbd7 8. Rc1 h6 9. Bh4 Ne8 10. Bxe7 Qxe7 11. cxd5 exd5 12. Bd3 Nd6 13. 0-0 Nf6 14. Ne5 Ng4 15. Nxg4 Bxg4 16. Rce1 Qg5 17. f3 Bf5 18. e4 dxe4 19. fxe4 Be6 20. e5 Nb5 21. Bxb5 cxb5 22. d5 Bd7 23. Ne4 Qg6 24. Rf3 Bf5 25. Rxf5 1-0

[Event "Aragon-chT"]
[Site "Spain"]
[Date "2004.03.20"]
[Round "?"]
[White "Campos Hernandez, Antonio"]
[Black "Rodriguez Leiva, Manuel"]
[Result "1-0"]
[WhiteElo "2252"]
[BlackElo "2144"]
[PlyCount "63"]
[EventDate "2004.01.??"]
[EventType "team"]
[EventRounds "11"]
[EventCountry "ESP"]
[SourceTitle "EXT 2006"]
[Source "ChessBase"]
[SourceDate "2005.11.24"]
[SourceVersion "1"]
[SourceVersionDate "2005.11.24"]
[SourceQuality "1"]

1. d4 Nf6 2. c4 e6 3. Nf3 d5 4. Nc3 Bb4 5. e3 0-0 6. Be2 c6 7. 0-0 Nbd7 8. Qc2 Re8 9. b3 e5 10. dxe5 Nxe5 11. Nxe5 Rxe5 12. Bb2 Rg5 13. Rfd1 Bf5 14. Bd3 Bxc3 15. Qxc3 Bxd3 16. Rxd3 Ne4 17. Qe1 Rg6 18. cxd5 cxd5 19. Rad1 Qg5 20. Qf1 Rd8 21. f4 Qh5 22. Be5 Rc6 23. h3 f6 24. Rxd5 Rxd5 25. Rxd5 fxe5 26. Rd8+ Kf7 27. fxe5+ Kg6 28. e6 Qc5 29. Qf7+ Kg5 30. Qf4+ Kg6 31. Qxe4+ Kf6 32. Rd7 1-0

[Event "Aragon-chT"]
[Site "Spain"]
[Date "2004.03.06"]
[Round "6"]
[White "Rodriguez Leiva, Manuel"]
[Black "Argueso Palomino, Manuel"]
[Result "1-0"]
[WhiteElo "2144"]
[BlackElo "1936"]
[PlyCount "107"]
[EventDate "2004.01.??"]
[EventType "team"]
[EventRounds "11"]
[EventCountry "ESP"]
[SourceTitle "EXT 2006"]
[Source "ChessBase"]
[SourceDate "2005.11.24"]
[SourceVersion "1"]
[SourceVersionDate "2005.11.24"]
[SourceQuality "1"]

1. c4 e5 2. Nc3 Nf6 3. Nf3 Nc6 4. g3 d5 5. cxd5 Nxd5 6. Bg2 Nb6 7. 0-0 Be7 8. a3 a5 9. d3 0-0 10. Be3 Be6 11. Rc1 f6 12. Qc2 Qd7 13. Rfd1 Nd4 14. Bxd4 exd4 15. Ne4 c6 16. Nc5 Bxc5 17. Qxc5 Na4 18. Qxd4 Qxd4 19. Nxd4 Bf7 20. Rd2 Rfd8 21. e3 Bg6 22. b3 Nb6 23. Bh3 Rd6 24. Nf5 Bxf5 25. Bxf5 Nd7 26. d4 Ne5 27. Rdc2 Nf7 28. Rc5 g6 29. Bh3 Ng5 30. Bg2 Ne6 31. R5c3 Rad8 32. b4 axb4 33. axb4 Nc7 34. Rc5 Kf7 35. Bf1 Ke7 36. b5 Nxb5 37. Bxb5 cxb5 38. Rxb5 b6 39. Rc7+ R8d7 40. Rc8 Rd8 41. Rxd8 Kxd8 42. d5 Kc7 43. e4 Kb7 44. f3 Ka6 45. Rb2 b5 46. Kf2 Kb6 47. Ke3 f5 48. Kd4 fxe4 49. fxe4 Rd8 50. e5 Rc8 51. d6 Rc4+ 52. Kd5 Rc5+ 53. Ke6 Kc6 54. Rd2 1-0

[Event "Aragon-chT"]
[Site "Spain"]
[Date "2004.01.31"]
[Round "1.1"]
[White "Rodriguez Leiva, Manuel"]
[Black "Escuer Sanchez, Nestor"]
[Result "1/2-1/2"]
[WhiteElo "2144"]
[BlackElo "2011"]
[PlyCount "114"]
[EventDate "2004.01.??"]
[EventType "team"]
[EventRounds "11"]
[EventCountry "ESP"]
[SourceTitle "EXT 2006"]
[Source "ChessBase"]
[SourceDate "2005.11.24"]
[SourceVersion "1"]
[SourceVersionDate "2005.11.24"]
[SourceQuality "1"]

1. c4 c5 2. Nc3 Nc6 3. g3 g6 4. Bg2 Bg7 5. Nf3 Nf6 6. 0-0 d6 7. e3 0-0 8. d4 cxd4 9. exd4 e5 10. dxe5 dxe5 11. Qxd8 Rxd8 12. Bg5 Be6 13. Rfe1 h6 14. Bxf6 Bxf6 15. Ne4 Be7 16. b3 f5 17. Nc3 e4 18. Nxe4 fxe4 19. Rxe4 Bf5 20. Ree1 Bf6 21. Rad1 Nb4 22. Nh4 Bc2 23. Rxd8+ Rxd8 24. Bxb7 Rd2 25. Nf3 Rd1 26. a3 Rxe1+ 27. Nxe1 Bxb3 28. axb4 Bxc4 29. Nc2 Bb5 30. Ne3 Kg7 31. Nd5 Be5 32. f4 Bd6 33. Nc3 Bc4 34. b5 Bb4 35. Bd5 Bd3 36. Be4 Bc4 37. Bd5 Bxd5 38. Nxd5 Bc5+ 39. Kg2 Kf7 40. Kf3 Ke6 41. Ke4 Bg1 42. h3 Kd6 43. g4 Kc5 44. b6 axb6 45. Ne7 b5 46. Nxg6 Bd4 47. f5 Bf6 48. Nf4 Kd6 49. Nd5 Bg5 50. Nb4 Bd2 51. Nd3 Bc3 52. Kf4 b4 53. h4 b3 54. g5 hxg5+ 55. hxg5 b2 56. Nxb2 Bxb2 57. Kg4 Ke7 1/2-1/2